| 000 | 00691nam a22002057a 4500 | ||
|---|---|---|---|
| 999 |
_c14194 _d14194 |
||
| 003 | AR-CdUCM | ||
| 008 | 190422b ||||| |||| 00| 0 spa d | ||
| 020 | _a978-607-404-725-7 | ||
| 040 |
_aMUNICIPALIDAD PROVINCIAL DEL CUSCO _cBIBLIOTECA MUNICIPAL DEL CUSCO |
||
| 082 |
_aPI / 376.1 / _bD71 |
||
| 110 |
_aDisney enterprises _932870 |
||
| 245 | _aValiente / | ||
| 260 |
_aMéxico : _bDisney enterprises, _c2013. |
||
| 300 |
_a20 páginas ; _bIlustraciones, _c32 cm. |
||
| 500 | _aCaracterísticas: Cuenta con una pizarra y un lápiz. | ||
| 650 |
_aCuento infantil _93319 |
||
| 700 |
_aPuente Montelongo, Elizabeth (traducción) _932822 |
||
| 942 |
_2ddc _cLIBROS |
||
| 945 |
_aacv _d2019-04-22 |
||